Analýza možností digitálnej mobilnej komunikácie ŽSR vzhľadom na proces integrácie európskych železničných rádiových sietí : Dipl.práca

Na minha lista:
Detalhes bibliográficos
Autor principal: Drobný, Peter (Author)
Outros Autores: Makáň, Florián, 1937- (Thesis advisor), Predáč, Peter (Thesis advisor)
Formato: Manuscrito Livro
Idioma:eslovaco
Publicado em: Bratislava : STU v Bratislave FEI, 1999
Assuntos:
Tags: Adicionar Tag
Sem tags, seja o primeiro a adicionar uma tag!

MARC

LEADER 00000ntm a22000003a 4500
001 stu52273
005 20160719164858.3
008 000225s1999----xo------------------slo-d
040 |a STU  |b slo 
041 0 |a slo 
044 |a xo 
100 1 |a Drobný, Peter  |4 aut 
245 1 |a Analýza možností digitálnej mobilnej komunikácie ŽSR vzhľadom na proces integrácie európskych železničných rádiových sietí :  |b Dipl.práca 
260 |a Bratislava :  |b STU v Bratislave FEI,  |c 1999 
300 |a 64 s 
650 7 |a elektronika  |2 stusub 
700 1 |a Makáň, Florián,  |d 1937-  |4 ths  |u E230  |U FEI Fakulta elektrotechniky a informatiky  |T FEI Katedra rádioelektroniky  |X 3733  |U E230  |Y 71  |7 A000003733 
700 1 |a Predáč, Peter  |4 ths